Políticas educativas y construcción de personalidades neoliberales y neocolonialistas / (Record no. 180693)

MARC details
000 -LEADER
campo de control de longitud fija 00782nam a2200217 i 4500
001 - NÚMERO DE CONTROL
campo de control 180693
003 - IDENTIFICADOR DE NÚMERO DE CONTROL
campo de control SpMaBN
005 - FECHA Y HORA DE LA ÚLTIMA TRANSACCIÓN
campo de control 20251116063114.0
008 - DATOS DE LONGITUD FIJA--INFORMACIÓN GENERAL
campo de control de longitud fija 200306s2017 sp a |||| | spa d
020 ## - NÚMERO INTERNACIONAL ESTÁNDAR DEL LIBRO
Número Internacional Estándar del Libro 978-84-7112-821-8
080 ## - NÚMERO DE LA CLASIFICACIÓN DECIMAL UNIVERSAL
Número de la Clasificación Decimal Universal 37:32
100 1# - ENTRADA PRINCIPAL--NOMBRE DE PERSONA
Nombre de persona Torres Santomé, Jurjo,
Fechas asociadas al nombre 1951-
9 (RLIN) 169884
245 10 - MENCIÓN DEL TÍTULO
Título Políticas educativas y construcción de personalidades neoliberales y neocolonialistas /
Mención de responsabilidad, etc. por Jurjo Torres Santomé.
260 ## - PUBLICACIÓN, DISTRIBUCIÓN, ETC.
Lugar de publicación, distribución, etc. San Sebastián de los Reyes, Madrid :
Nombre del editor, distribuidor, etc. Morata,
Fecha de publicación, distribución, etc. [2017]
300 ## - DESCRIPCIÓN FÍSICA
Extensión 272 p. :
Otras características físicas il. ;
Dimensiones 24 cm.
504 ## - NOTA DE BIBLIOGRAFÍA, ETC.
Nota de bibliografía, etc. Bibliografía: p. [263]-270.
650 #7 - PUNTO DE ACCESO ADICIONAL DE MATERIA--TÉRMINO DE MATERIA
Término de materia o nombre geográfico como elemento de entrada Política y educación
Fuente del encabezamiento o término embne
9 (RLIN) 135956
852 ## - LOCALIZACIÓN
Ubicación ES-MaACL
Número de control de estantería A-14562
itemnumber 187610
Sublocalización o colección R.152241
Ubicación en estantería Depósito 1
Signatura antigua Olim: N-7562
942 ## - ELEMENTOS DE ENTRADA SECUNDARIOS (KOHA)
Fuente del sistema de clasificación o colocación Clasificación decimal universal
Tipo de ítem Koha Libro impreso
Holdings
Estatus retirado Estado de pérdida Fuente del sistema de clasificación o colocación Estado de daño No para préstamo Biblioteca de origen Biblioteca actual Ubicación en estantería Fecha de adquisición Fuente de adquisición Total de préstamos Signatura topográfica completa Código de barras Visto por última vez Precio de reemplazo Tipo de ítem Koha
    Clasificación decimal universal     Biblioteca del Ateneo de Madrid Biblioteca del Ateneo de Madrid Depósito 1 25/05/2005 Donación   A-14562 1201682 23/02/2023 23/02/2023 Libro impreso